| 000 | 00614nam a22001935a 4500 | ||
|---|---|---|---|
| 005 | 20160515134439.0 | ||
| 008 | 160515t2014 ii a fr 001 0 eng d | ||
| 020 | _a9789351521914 | ||
| 040 |
_aEG-ScBUE _beng _cEG-ScBUE |
||
| 082 | 0 | 4 |
_222 _a610.7343 _bGEO |
| 100 | 1 |
_aGeorge, Georly. _939977 |
|
| 245 | 1 | 0 |
_aTextbook of community health nursing / _cGeorly George. |
| 260 |
_aNew Delhi : _bJaypee Brothers Medical Publishers, _cc.2014. |
||
| 300 |
_axiv, 220 p. : _bill. ; _c24 cm. |
||
| 500 | _aIndex : p. [213]-220. | ||
| 650 | 7 |
_2BUEsh _94083 _aCommunity health nursing. |
|
| 653 |
_bNNUR _cMay2016 |
||
| 942 | _2ddc | ||
| 999 |
_c21741 _d21713 |
||